Statistiken für Deutsche Städtenamen - Wörterquiz

Klicken Sie hier um das Quiz zu spielen!

Allgemein

  • Dieses Quiz wurde 1.012 mal gespielt
  • Das Durchschnittsergebnis liegt bei 13 aus 22

Antwortstatistiken

HintAntwort% Korrekt
Erdfarbe + Rede nichtBraunschweig
92%
Verdauungsorgan + Größere SiedlungDarmstadt
92%
Maskulines Geschlecht + ZuhauseMannheim
91%
Sehorgan + Mittelalterliche BefestigungAugsburg
90%
Männliches Huhn + Ausruf des SchmerzesHanau
89%
Nicht leicht + Gegenteil von outSchwerin
89%
Pinkes Nutztier + Passierbare FlußstelleSchweinfurt
78%
Nicht hier + Teil des GesichtesDortmund
76%
Nicht gar + StabRostock
68%
Kneifen + Chemisches Symbol von GoldZwickau
67%
Kleinste Primzahl + Bauten über FlüßeZweibrücken
65%
Staat + KopfbedeckungLandshut
64%
Bezahlvorrichtung in Geschäften + Einheit für LiterKassel
63%
Erster fränkischer Kaiser + StilleKarlsruhe
56%
Sehr Hügelig + Rutschig + kleines fließendes GewässerBergisch Gladbach
47%
Männliches Schwein + Waldreiches GebietEberswalde
38%
Ihre (englisch) + Amerikanische AutomarkeHerford
33%
Humide + GesichtsbackenFeuchtwangen
30%
Äußere Baumrindenschicht + Symbol für StickstoffBorken
22%
Reinigung in Wanne + Glam-Rock-Band + Lied vortragenBad Kissingen
21%
Hoher militärischer Rang + kleinere SiedlungOberstdorf
21%
Aufgrund + Nahe bei + Gegenteil von RausWeil am Rhein
20%

Verteilung der Resultate

Perzentil nach korrekt beantworteten Fragen

Anzahl Personen mit jedem Resultat

Ihre Resultats-Entwicklung

Sie haben dieses Quiz noch nicht gespielt